Normal view MARC view
  • al-Attas, Syed Muhammad Naquib,

Entry Personal Name

Number of records used in: 1

001 - CONTROL NUMBER

  • control field: 1413

003 - CONTROL NUMBER IDENTIFIER

  • control field: OSt

005 - DATE AND TIME OF LATEST TRANSACTION

  • control field: 20170504144113.0

008 - FIXED-LENGTH DATA ELEMENTS

  • fixed length control field: 170504|| aca||aabn | a|a d

040 ## - CATALOGING SOURCE

  • Original cataloging agency: OSt
  • Transcribing agency: OSt

100 ## - HEADING--PERSONAL NAME

  • Personal name: al-Attas, Syed Muhammad Naquib,
  • Dates associated with a name: 1931-
  • General subdivision: Contributions in Islamic Thought

670 ## - SOURCE DATA FOUND

  • Source citation: Work cat.: (OSt)0: Commemorative volume on the conferment of the Al-Ghazali Chair of Islamic thought on Prof. Dr. Syed Muhammad Naquib Al-Attas (Tuesday 14th December 1993/1 Rajab 1414), 1994
Pusat Sumber Maklumat Dato' Haji Sarmin Md Hussin, Akademi Kastam Diraja Malaysia, Melaka
Tel: 06-2331106 | Faks: 06-2313787